000 01580nam a22004217a 4500
001 000095231
003 CHAP
005 20220329143101.0
008 060215d2005 mx r 00110 spa d
010 _a91697
011 _a92669
035 _a103234
040 _cCHAP
090 _aTesis
100 1 _aGuadarrama Muñoz, Naud.
_950937
245 1 0 _aIdentificación morfológica y molecular de los hongos de la rizosfera del clavel (Dianthus caryophyllus L.) en Coatepec Harinas, Estado de México /
_c/por Naud Guadarrama Muñoz.
260 _aChapingo, Méx. :
_bEl autor,
_c2005.
300 _a48 h.
502 _aTesis (Ing. Agr. Esp. en Parasitología Agrícola) - - UACH. Departamento de Parasitología Agrícola
590 _aALEPH
_b10
_c20130110
_lUCH01
_h1509
590 _aBATCH-UPD
_b10
_c20130110
_lUCH01
_h0746
590 _aBATCH-UPD
_b10
_c20130410
_lUCH01
_h0427
590 _aBATCH-UPD
_b10
_c20130914
_lUCH01
_h0947
590 _aBATCH-UPD
_b10
_c20140324
_lUCH01
_h1453
590 _aBATCH-UPD
_b10
_c20141002
_lUCH01
_h0828
590 _aCONVERSION
_b10
_c20130109
_lUCH01
_h1351
590 _aE792CSJ
_b10
_c20130611
_lUCH01
_h1102
650 1 4 _aClavel
_xEnfermedades por hongos.
_923702
650 1 4 _aHongos
_xIdentificación.
_956105
650 1 4 _aRizósfera.
_997820
856 _3Finding aid
_uhttp://10.13.5.2/tesis/103234.pdf
_zTeclea aquí
901 _aBK
905 _aLilia
942 _cCD
942 _n0
949 _aTesis
_bBC
_cTES
_d33724000979837
_eTS2
_fc.2
_h44606
_i103234
_sb
949 _aTesis
_bBC
_cTES
_d33724000979894
_eTS1
_h44605
_i103234
_sb
999 _c91697
_d91697